000 00457nam a22001817a 4500
003 MPLRDC
005 20220104113851.0
008 210129b ||||| |||| 00| 0 eng d
082 _a861.57 CDKC-10 c.3
100 _a川端康成
245 _a千羽鹤
_c张秀英译
250 _a五版
260 _a台湾
_b星光出版社
_c1985
300 _b171
490 _a双子星丛书. 65
650 _a日本现代小说
942 _cBK
_o861.57 CDKC-10 c.3
999 _c2978
_d2968